Normal view MARC view
  • Leeds Metropolitan University, School of the Built Environment

Entry Corporate Name

Number of records used in: 1

001 - CONTROL NUMBER

  • control field: 4724

003 - CONTROL NUMBER IDENTIFIER

  • control field: SIRSI

005 - DATE AND TIME OF LATEST TRANSACTION

  • control field: 20190806150236.0

008 - FIXED-LENGTH DATA ELEMENTS

  • fixed length control field: 050606n| aaannaabn |n ana d

040 ## - CATALOGING SOURCE

  • Original cataloging agency: OSt
  • Transcribing agency: OSt

110 ## - HEADING--CORPORATE NAME

  • Corporate name or jurisdiction name as entry element: Leeds Metropolitan University, School of the Built Environment

670 ## - SOURCE DATA FOUND

  • Source citation: Construction and Building Research, 2004